00241 a2200109 4500001000700000020000600007040001100013100002500024240003900049245003400088362000900122166234 a  cMagnum aSacristan, J. Gimeno10aPoderes instaveis em educacaolpor10aPoderes instaveis em educacao0 a1899